MARC

LEADER 00000nam2a2200000 4500
001 378704
005 20231102013027.0
035 |a (RuTPU)RU\TPU\retro\36161 
035 |a RU\TPU\retro\36160 
090 |a 378704 
100 |a 20230610d1962 k y0rusy50 ca 
101 0 |a rus 
102 |a RU 
105 |a a z 001zy 
200 0 |a Вып. 48  |f отв. ред. М. Б. Бородаевская 
210 |d 1962 
215 |a 198 с.  |c ил. 
320 |a Библиогр. в конце ст. 
461 1 |0 (RuTPU)RU\TPU\retro\36250  |t Труды института ЦНИГРИ  |f Центральный научно-исследовательский горно-разведочный институт цветных, редких и благородных металлов  |v Вып. 48  |d 1958-  
606 1 |a Золоторудные месторождения  |2 stltpush  |3 (RuTPU)RU\TPU\subj\11877  |9 38756 
610 1 |a геология 
610 1 |a золото 
610 1 |a горное дело 
610 1 |a медные месторождения 
610 1 |a размещение 
610 1 |a критерии поиска 
610 1 |a колчеданные руды 
610 1 |a обломковиное обособление 
610 1 |a Северная Осетия 
610 1 |a тектоническая зональность 
610 1 |a локализация 
610 1 |a оруднение 
610 1 |a Ленский рудный район 
610 1 |a Витимо-Патомское нагорье 
610 1 |a золотоносность 
610 1 |a геологические особенности 
610 1 |a коры выветривания 
610 1 |a Восточная Сибирь 
610 1 |a сиенит-пегматиты 
675 |a 553.411  |v 3 
702 1 |a Бородаевская  |b М. Б.  |4 340 
801 1 |a RU  |b 63413507  |c 20051123  |g PSBO 
801 2 |a RU  |b 63413507  |c 20230615  |g PSBO 
942 |c BK